[Event "Acropolis 2006 Women Section"]
[Site "http://www.chessfed.gr/Acropo"]
[Date "2006.08.15"]
[Round "3.4"]
[White "Grapsa, Georgia"]
[Black "Melia, Salome"]
[Result "0-1"]
[WhiteElo "2098"]
[BlackElo "2381"]
[PlyCount "74"]
[EventDate "2006.08.13"]

1. d4 Nf6 2. Nf3 e6 3. g3 c5 4. c3 b6 5. Bg2 Bb7 6. O-O Be7 7. Bg5 O-O 8. Nbd2
d6 9. Re1 h6 10. Bxf6 Bxf6 11. e4 cxd4 12. Nxd4 Be7 13. Nf1 Nd7 14. Kh1 a6 15.
f4 Qc7 16. a4 Rfd8 17. Rc1 Rac8 18. b4 Qb8 19. Qb3 Nf6 20. h3 Bf8 21. c4 Qa8
22. Nd2 e5 23. Nf5 g6 24. Nh4 exf4 25. gxf4 Re8 26. Qd3 Nh5 27. Qf3 Nf6 28. Kh2
a5 29. b5 Be7 30. Qd3 Nh5 31. Nhf3 Nxf4 32. Qd4 Rc5 33. Nb3 Rh5 34. Rcd1 Qc8
35. Ng1 Bh4 36. Bf3 Bxe1 37. Bxh5 Rxe4 0-1

[Event "Acropolis 2006 Women Section"]
[Site "http://www.chessfed.gr/Acropo"]
[Date "2006.08.15"]
[Round "3.5"]
[White "Ikonomopoulou, Maria"]
[Black "Pokorna, Regina"]
[Result "1/2-1/2"]
[WhiteElo "1976"]
[BlackElo "2342"]
[PlyCount "44"]
[EventDate "2006.08.13"]

1. e4 e5 2. Nf3 Nc6 3. d4 exd4 4. Bc4 Nf6 5. O-O Nxe4 6. Re1 d5 7. Bxd5 Qxd5 8.
Nc3 Qa5 9. Nxe4 Be6 10. Bd2 Bb4 11. Nxd4 Nxd4 12. c3 Rd8 13. cxb4 Qd5 14. Bg5
O-O 15. Bxd8 Rxd8 16. a3 h6 17. h3 Bf5 18. Ng3 Be6 19. Rc1 Bxh3 20. gxh3 Nf3+
21. Kf1 Nh2+ 22. Kg1 Nf3+ 1/2-1/2

[Event "Acropolis 2006 Women Section"]
[Site "http://www.chessfed.gr/Acropo"]
[Date "2006.08.15"]
[Round "3.6"]
[White "Krivec, Jana"]
[Black "Foisor, Sabina-Francesca"]
[Result "1/2-1/2"]
[WhiteElo "2316"]
[BlackElo "2292"]
[PlyCount "47"]
[EventDate "2006.08.13"]

1. e4 e6 2. d4 d5 3. e5 c5 4. c3 Nc6 5. Nf3 Qb6 6. a3 cxd4 7. cxd4 Nh6 8. b4
Nf5 9. Bb2 Be7 10. Bd3 Bd7 11. Bxf5 exf5 12. Nc3 Be6 13. O-O O-O 14. Na4 Qd8
15. Ne1 f4 16. Nd3 Bg5 17. Qf3 Qe8 18. Nxf4 Bxf4 19. Qxf4 Nxe5 20. dxe5 Qxa4
21. Qg3 Qc2 22. Bd4 b6 23. Qe3 Rac8 24. Rfc1 1/2-1/2

[Event "Acropolis 2006 Women Section"]
[Site "http://www.chessfed.gr/Acropo"]
[Date "2006.08.15"]
[Round "3.8"]
[White "Makka, Ioulia"]
[Black "Foisor, Cristina Adela"]
[Result "1/2-1/2"]
[WhiteElo "2219"]
[BlackElo "2393"]
[PlyCount "115"]
[EventDate "2006.08.13"]

1. e4 g6 2. d4 c6 3. Nc3 d5 4. h3 Bg7 5. Nf3 Nh6 6. Be2 O-O 7. O-O f6 8. Re1
Nf7 9. a4 b6 10. Bf1 e6 11. Be3 Na6 12. Qd2 Nc7 13. Rad1 Bb7 14. exd5 cxd5 15.
Bf4 Re8 16. Nb5 Nxb5 17. Bxb5 Re7 18. Qb4 Bf8 19. Qb3 Nd6 20. Bf1 Rc8 21. Bd2
a5 22. Bf4 Nc4 23. Nd2 Ba6 24. Qa2 Rc6 25. b3 Nxd2 26. Bxa6 Ne4 27. Qb2 Nd6 28.
Rd2 Qa8 29. Bb5 Nxb5 30. axb5 Rc8 31. Rde2 Ree8 32. Rxe6 Kf7 33. Rxe8 Rxe8 34.
Qc1 Rxe1+ 35. Qxe1 a4 36. bxa4 Qxa4 37. Qb1 Ke6 38. Be3 Bd6 39. g3 Qc4 40. Qb3
Qxb3 41. cxb3 Kf5 42. Kf1 h5 43. Ke2 g5 44. Kd3 Bc7 45. Bd2 Bd6 46. Ke3 Bf8 47.
f3 g4 48. hxg4+ hxg4 49. Kf2 Bd6 50. Kg2 Ba3 51. Be3 Bb2 52. Kf2 Bc3 53. Ke2
Bb4 54. Bf4 Bc3 55. Be3 Bb2 56. Kf2 Bc3 57. Ke2 Ba1 58. Kf2 1/2-1/2

[Event "Acropolis 2006 Women Section"]
[Site "http://www.chessfed.gr/Acropo"]
[Date "2006.08.15"]
[Round "3.9"]
[White "Meenakshi, S."]
[Black "Papadopoulou, Vera"]
[Result "1-0"]
[WhiteElo "2310"]
[BlackElo "2217"]
[PlyCount "113"]
[EventDate "2006.08.13"]

1. d4 Nf6 2. Nc3 d5 3. Bg5 Bf5 4. e3 e6 5. Bd3 Bg6 6. Nf3 Nbd7 7. O-O Be7 8.
Ne2 O-O 9. Ne5 Nxe5 10. dxe5 Nd7 11. Bxe7 Qxe7 12. f4 c5 13. Qe1 c4 14. Bxg6
fxg6 15. Nd4 Nc5 16. b3 cxb3 17. axb3 Ne4 18. Qe2 Rfe8 19. c4 dxc4 20. Qc2 Nc5
21. Qxc4 Nd7 22. Qc7 Nb6 23. Rfc1 Nd5 24. Qxe7 Rxe7 25. Kf2 a6 26. Nb5 Rf8 27.
Nd6 g5 28. g3 gxf4 29. gxf4 g5 30. Rg1 Rg7 31. Rad1 gxf4 32. e4 Ne7 33. Rxg7+
Kxg7 34. Nxb7 Ng6 35. Nd8 Kh6 36. Nxe6 Rc8 37. Rd6 Rc2+ 38. Kf3 Rc3+ 39. Kg4
Nxe5+ 40. Kxf4 Ng6+ 41. Kg4 Re3 42. Nc5 Rc3 43. Rc6 Rc1 44. e5 a5 45. Kf5 Kh5
46. Rc7 Rf1+ 47. Ke6 Kg4 48. Ra7 Re1 49. Nd7 Re3 50. Nf6+ Kf3 51. Rxa5 Rxb3 52.
Nxh7 Re3 53. Nf6 Re2 54. Ra3+ Kf4 55. Nd5+ Kg5 56. Rg3+ Kh6 57. Rxg6+ 1-0

[Event "Acropolis 2006 Women Section"]
[Site "http://www.chessfed.gr/Acropo"]
[Date "2006.08.15"]
[Round "3.10"]
[White "Fakhiridou, Ekaterini"]
[Black "Stefanidi, Maria-Anna"]
[Result "1-0"]
[WhiteElo "2296"]
[BlackElo "2176"]
[PlyCount "40"]
[EventDate "2006.08.13"]

1. e4 c5 2. g3 Nc6 3. Bg2 Nf6 4. f4 d6 5. d3 e6 6. Nf3 Qc7 7. O-O Be7 8. Kh1
O-O 9. c3 b5 10. Na3 Rb8 11. Nc2 a5 12. Ne3 Ba6 13. g4 Rbd8 14. g5 Ne8 15. d4
f5 16. d5 fxe4 17. Nh4 exd5 18. Nxd5 Qd7 19. Qe2 Nc7 20. Qxe4 Rc8 1-0

[Event "Acropolis 2006 Women Section"]
[Site "http://www.chessfed.gr/Acropo"]
[Date "2006.08.15"]
[Round "3.11"]
[White "Stiri, Alexandra"]
[Black "Karlovich, Anastazia"]
[Result "1/2-1/2"]
[WhiteElo "2186"]
[BlackElo "2285"]
[PlyCount "30"]
[EventDate "2006.08.13"]

1. e4 e5 2. Nf3 Nc6 3. d4 exd4 4. Nxd4 Bc5 5. Be3 Qf6 6. c3 Nge7 7. g3 d5 8.
Bg2 Nxd4 9. cxd4 Bb4+ 10. Nc3 Bxc3+ 11. bxc3 dxe4 12. Bxe4 c6 13. O-O O-O 14.
c4 Nf5 15. Qd3 h6 1/2-1/2

[Event "Acropolis 2006 Women Section"]
[Site "http://www.chessfed.gr/Acropo"]
[Date "2006.08.15"]
[Round "3.12"]
[White "Sperdokli, Elli"]
[Black "Sorokina, Anastasia"]
[Result "1-0"]
[WhiteElo "2129"]
[BlackElo "2221"]
[PlyCount "155"]
[EventDate "2006.08.13"]

1. e4 c5 2. Nf3 e6 3. b3 d6 4. Bb2 e5 5. Bb5+ Nc6 6. O-O Nf6 7. Re1 Be7 8. c3
a6 9. Bxc6+ bxc6 10. d4 exd4 11. cxd4 Bg4 12. dxc5 dxc5 13. Qxd8+ Rxd8 14. Ne5
Rd1 15. Rxd1 Bxd1 16. Nc3 Bh5 17. Nxc6 Kd7 18. Nxe7 Kxe7 19. e5 Nd7 20. Nd5+
Kd8 21. f3 Re8 22. Rd1 Kc8 23. Nf4 Bg6 24. e6 fxe6 25. Rd6 Bf7 26. Bxg7 e5 27.
Nd3 Kc7 28. Rxa6 Kb7 29. Ra5 Kb6 30. Ra4 Bg6 31. Nb2 Re6 32. Bh6 Kb7 33. Be3 e4
34. fxe4 Bxe4 35. Bf2 Bc6 36. Ra5 Re2 37. Na4 Rc2 38. h4 Be4 39. Nxc5+ Nxc5 40.
Bxc5 Rxg2+ 41. Kf1 Rc2 42. b4 Bd3+ 43. Ke1 Kc6 44. Bf8 Rh2 45. h5 Re2+ 46. Kd1
Rh2 47. h6 Bb1 48. Rc5+ Kb6 49. a4 Bd3 50. a5+ Kb7 51. b5 Rb2 52. b6 Ka6 53.
Bg7 Rb5 54. Rc3 Be4 55. Re3 Rb4 56. Bc3 Rc4 57. Kd2 Ra4 58. Rg3 Ra2+ 59. Ke3
Rg2 60. Rg7 Bb7 61. Rxh7 Rg3+ 62. Kd2 Rh3 63. Rh8 Bc6 64. Kc2 Ba4+ 65. Kb2 Bc6
66. Rh7 Bb7 67. Bd2 Rh2 68. Kc3 Rh3+ 69. Kc4 Rh4+ 70. Kb3 Rh3+ 71. Kb2 Rd3 72.
Kc1 Rh3 73. Rd7 Rh1+ 74. Kb2 Rh5 75. h7 Rb5+ 76. Ka3 Rh5 77. Bc3 Rh3 78. h8=Q
1-0

[Event "Acropolis 2006 Women Section"]
[Site "http://www.chessfed.gr/Acropo"]
[Date "2006.08.15"]
[Round "3.13"]
[White "Smokina, Karolina"]
[Black "Pambalou, Fotini"]
[Result "1-0"]
[WhiteElo "2215"]
[BlackElo "2127"]
[PlyCount "69"]
[EventDate "2006.08.13"]

1. c4 e6 2. d4 d5 3. Nc3 Be7 4. cxd5 exd5 5. Bf4 c6 6. e3 Bf5 7. Bd3 Bxd3 8.
Qxd3 Nf6 9. Nge2 Nbd7 10. Ng3 Nf8 11. O-O Ne6 12. Be5 Nd7 13. Nf5 Nxe5 14. dxe5
f6 15. e4 d4 16. Qc4 Qd7 17. exf6 Bxf6 18. e5 O-O 19. Nxd4 Bxe5 20. Qxe6+ Qxe6
21. Nxe6 Rfe8 22. Ng5 Bxc3 23. bxc3 Re2 24. Rfe1 Rxe1+ 25. Rxe1 Rd8 26. Kf1 h6
27. Ne4 Rd5 28. Rb1 b6 29. Ke2 Kf7 30. Rd1 Ra5 31. Rd2 Ra4 32. Ke3 a5 33. f4
Ke7 34. g4 Rc4 35. Rd4 1-0

[Event "Acropolis 2006 Women Section"]
[Site "http://www.chessfed.gr/Acropo"]
[Date "2006.08.15"]
[Round "3.14"]
[White "Makka, Evanthia"]
[Black "Petraki, Maria"]
[Result "1-0"]
[WhiteElo "2032"]
[BlackElo "2094"]
[PlyCount "81"]
[EventDate "2006.08.13"]

1. d4 Nf6 2. Nf3 g6 3. Bg5 Bg7 4. Nbd2 d5 5. e3 O-O 6. Bd3 c5 7. c3 Nc6 8. O-O
Re8 9. dxc5 Nd7 10. Nb3 Qc7 11. Be2 e6 12. Bf4 Qd8 13. h3 e5 14. Bh2 e4 15.
Nfd4 Nde5 16. Nb5 Bf8 17. Qd2 a6 18. N5d4 Bd7 19. Rad1 a5 20. Nb5 a4 21. Nc1
Be6 22. b4 axb3 23. Nxb3 Rc8 24. N3d4 Bxc5 25. Nxe6 fxe6 26. Qb2 Qg5 27. Bf4
Qf5 28. c4 Nd3 29. Bxd3 exd3 30. cxd5 e5 31. dxc6 bxc6 32. Qb3+ Kg7 33. Bg3
cxb5 34. Rxd3 Bf8 35. Qxb5 Rb8 36. Rd7+ Kh8 37. Qd5 Rbc8 38. e4 Qf6 39. Qb7 h5
40. Bxe5 Rxe5 41. Qxc8 1-0

[Event "Acropolis 2006 Women Section"]
[Site "http://www.chessfed.gr/Acropo"]
[Date "2006.08.15"]
[Round "3.15"]
[White "Paganoglou, Anastasia"]
[Black "Foisor, Mihaela-Veronica"]
[Result "0-1"]
[WhiteElo "1935"]
[BlackElo "2005"]
[PlyCount "60"]
[EventDate "2006.08.13"]

1. e4 c5 2. Nf3 e6 3. d4 cxd4 4. Nxd4 Nf6 5. Nc3 d6 6. Be3 a6 7. Bd3 b6 8. O-O
Bb7 9. f4 Nbd7 10. Qf3 Be7 11. Rfe1 Qc7 12. Qg3 O-O 13. f5 e5 14. Nf3 Rfe8 15.
Qh3 d5 16. exd5 Nxd5 17. Nxd5 Bxd5 18. Qg3 f6 19. Bh6 Bf8 20. Be4 Qc6 21. Bxd5+
Qxd5 22. Rad1 Qc6 23. c3 Nc5 24. Be3 Rad8 25. Nd2 Rd3 26. Qf2 Red8 27. Qe2 Na4
28. Rc1 Bc5 29. Nc4 Qe4 30. b3 Bxe3+ 0-1

[Event "Acropolis 2006 Women Section"]
[Site "http://www.chessfed.gr/Acropo"]
[Date "2006.08.15"]
[Round "3.16"]
[White "Stavropoulou, Katerina"]
[Black "Pagali, Marianna"]
[Result "1-0"]
[WhiteElo "1996"]
[BlackElo "1924"]
[PlyCount "111"]
[EventDate "2006.08.13"]

1. e4 c6 2. d4 d5 3. Nd2 dxe4 4. Nxe4 Bf5 5. Ng3 Bg6 6. h4 h6 7. h5 Bh7 8. Nf3
Nd7 9. Bd3 Bxd3 10. Qxd3 Qc7 11. O-O Ngf6 12. c4 e6 13. Re1 O-O-O 14. Qc3 Bd6
15. Ne5 Rhf8 16. b4 Ne8 17. c5 Bxe5 18. dxe5 f6 19. f4 fxe5 20. fxe5 Nb8 21.
Bb2 Rd5 22. Ne4 Qe7 23. Nd6+ Kc7 24. Qa3 Na6 25. Rf1 Nf6 26. exf6 gxf6 27. Bxf6
Qh7 28. Qg3 Rg8 29. Bg7 Rg5 30. Rf7+ Kb8 31. Rxb7+ Ka8 32. Qc3 R5xg7 33. Rxg7
Qxg7 34. Qxg7 Rxg7 35. Re1 Nc7 36. Rf1 a6 37. Rf7 Rxf7 38. Nxf7 Nd5 39. a3 Nf6
40. Nxh6 Nxh5 41. g4 Nf4 42. Kf2 a5 43. Kf3 axb4 44. axb4 Nd5 45. g5 Nxb4 46.
g6 Nd5 47. g7 Nf6 48. g8=Q+ Nxg8 49. Nxg8 Kb7 50. Ke4 Kc7 51. Ke5 Kd7 52. Kf6
Kd8 53. Kxe6 Kc7 54. Ke7 Kc8 55. Kd6 Kb7 56. Kd7 1-0

[Event "Acropolis 2006 Women Section"]
[Site "http://www.chessfed.gr/Acropo"]
[Date "2006.08.16"]
[Round "4.2"]
[White "Melia, Salome"]
[Black "Burtasova, Anna"]
[Result "1-0"]
[WhiteElo "2381"]
[BlackElo "2311"]
[PlyCount "130"]
[EventDate "2006.08.13"]

1. e4 e5 2. Nf3 Nc6 3. Bb5 a6 4. Ba4 d6 5. c3 f5 6. exf5 Bxf5 7. O-O Bd3 8. Re1
Be7 9. Bc2 Bxc2 10. Qxc2 Nf6 11. Qb3 e4 12. Ng5 d5 13. d3 h6 14. Ne6 Qd7 15.
Nf4 O-O 16. dxe4 Bc5 17. Be3 Bxe3 18. Rxe3 Na5 19. Qd1 Qg4 20. Ne2 dxe4 21. Nd2
Rad8 22. Qc2 Nd5 23. Rxe4 Qf5 24. Nf3 Qg6 25. Ne5 Qf6 26. Nd4 c5 27. Ng4 Qg6
28. Ne6 Rde8 29. Nxf8 Qxe4 30. Qxe4 Rxe4 31. f3 Re2 32. Nd7 Rxb2 33. Nxc5 Nxc3
34. a4 Nb3 35. Nxb3 Rxb3 36. a5 Rb5 37. Kf2 Nd5 38. Kg3 Ne7 39. Ne3 Nc6 40. Nc4
Rb4 41. Nd6 Kh7 42. h4 Kg6 43. Rc1 Nxa5 44. h5+ Kf6 45. Rc7 Ke5 46. Ne4 Nc6 47.
Rxg7 a5 48. Rh7 Nd4 49. Kh2 Rb6 50. Nc5 Kd5 51. Nxb7 a4 52. Rd7+ Kc4 53. Nd6+
Kb3 54. Ne4 Rb4 55. Nc5+ Kc4 56. Nxa4 Rxa4 57. Rd6 Ra5 58. Rxh6 Rg5 59. Rh8 Kd3
60. f4 Rg4 61. h6 Nf5 62. h7 Rh4+ 63. Kg1 Nd4 64. g3 Rh6 65. Kg2 Ne6 1-0

[Event "Acropolis 2006 Women Section"]
[Site "http://www.chessfed.gr/Acropo"]
[Date "2006.08.16"]
[Round "4.3"]
[White "Danielian, Elina"]
[Black "Sperdokli, Elli"]
[Result "1-0"]
[WhiteElo "2423"]
[BlackElo "2129"]
[PlyCount "75"]
[EventDate "2006.08.13"]

1. d4 Nf6 2. Nf3 e6 3. e3 b6 4. Bd3 Bb7 5. O-O Be7 6. c4 c5 7. Nc3 O-O 8. d5
exd5 9. cxd5 d6 10. e4 Nbd7 11. h3 a6 12. a4 Re8 13. Nd2 Ne5 14. Be2 Nfd7 15.
f4 Ng6 16. Nc4 Bf8 17. Qc2 Rb8 18. Bd2 Bc8 19. Be1 Nf6 20. Bg3 b5 21. axb5 axb5
22. Na5 Bd7 23. Nc6 Bxc6 24. dxc6 c4 25. Bf3 Qc7 26. Ra6 Rb6 27. Rxb6 Qxb6+ 28.
Qf2 Qxf2+ 29. Rxf2 b4 30. Nd5 Nxd5 31. exd5 Ne7 32. Rc2 Nf5 33. Bf2 c3 34. bxc3
bxc3 35. Rxc3 g6 36. c7 Rc8 37. Be2 Bg7 38. Ba6 1-0

[Event "Acropolis 2006 Women Section"]
[Site "http://www.chessfed.gr/Acropo"]
[Date "2006.08.16"]
[Round "4.4"]
[White "Foisor, Sabina-Francesca"]
[Black "Zawadzka, Jolanta"]
[Result "1-0"]
[WhiteElo "2292"]
[BlackElo "2378"]
[PlyCount "133"]
[EventDate "2006.08.13"]

1. d4 Nf6 2. c4 g6 3. Nc3 Bg7 4. e4 d6 5. f3 O-O 6. Be3 a6 7. Qd2 Nbd7 8. Nh3
c5 9. Nf2 Qa5 10. Rc1 cxd4 11. Bxd4 Ne5 12. Be2 Be6 13. b3 Rab8 14. Nd5 Qxd2+
15. Kxd2 Bxd5 16. cxd5 Bh6+ 17. Be3 Bxe3+ 18. Kxe3 Rfc8 19. f4 Ned7 20. Bf3 Kg7
21. g4 h6 22. g5 hxg5 23. fxg5 Ne8 24. Bg4 Rxc1 25. Rxc1 Ne5 26. Bh3 a5 27. Nd3
b5 28. Nf4 a4 29. Ne2 axb3 30. axb3 Rb7 31. Nd4 Nc7 32. Ra1 f6 33. gxf6+ exf6
34. Bc8 Rb8 35. Ra7 Rxc8 36. Nxb5 Rb8 37. Rxc7+ Kf8 38. Nd4 Rb4 39. h3 f5 40.
exf5 gxf5 41. Nxf5 Rxb3+ 42. Kf4 Rf3+ 43. Ke4 Rxh3 44. Rc8+ Kf7 45. Nxd6+ Kf6
46. Ne8+ Ke7 47. Kxe5 Kd7 48. Ra8 Re3+ 49. Kf5 Rf3+ 50. Ke4 Rf1 51. Ng7 Re1+
52. Kd4 Rd1+ 53. Ke5 Re1+ 54. Kf6 Rd1 55. Ra7+ Kd8 56. Ke6 Rg1 57. Ra8+ Kc7 58.
Ne8+ Kb7 59. Ra2 Kc8 60. Nd6+ Kd8 61. Nf7+ Kc7 62. d6+ Kc6 63. Rc2+ Kb7 64. d7
Re1+ 65. Kf6 Rf1+ 66. Ke7 Re1+ 67. Kf8 1-0

[Event "Acropolis 2006 Women Section"]
[Site "http://www.chessfed.gr/Acropo"]
[Date "2006.08.16"]
[Round "4.8"]
[White "Foisor, Cristina Adela"]
[Black "Grapsa, Georgia"]
[Result "1-0"]
[WhiteElo "2393"]
[BlackElo "2098"]
[PlyCount "77"]
[EventDate "2006.08.13"]

1. Nf3 Nf6 2. g3 c5 3. Bg2 Nc6 4. O-O e5 5. d3 h6 6. e4 d6 7. c3 Be6 8. Re1 Be7
9. Na3 O-O 10. Nc2 Bg4 11. Ne3 Bh5 12. Nf5 Nh7 13. Qb3 Rb8 14. Nxe7+ Nxe7 15.
Nh4 Kh8 16. Be3 Ng5 17. d4 Qc8 18. dxc5 dxc5 19. Qb5 b6 20. Qf1 Bg4 21. f4 Nh3+
22. Kh1 exf4 23. gxf4 Ng6 24. Nf5 Qe6 25. Bc1 Rbd8 26. Bxh3 Bxh3 27. Qxh3 c4
28. Qf3 Rd3 29. Be3 Rfd8 30. Qg2 Kh7 31. Bd4 f6 32. Nxg7 Qf7 33. Nh5 Nh4 34.
Qg4 Nf3 35. Qf5+ Kg8 36. Rf1 Nxd4 37. cxd4 R8xd4 38. Nxf6+ Kf8 39. Rg1 1-0

[Event "Acropolis 2006 Women Section"]
[Site "http://www.chessfed.gr/Acropo"]
[Date "2006.08.16"]
[Round "4.9"]
[White "Smokina, Karolina"]
[Black "Kononenko, Tatiana"]
[Result "1/2-1/2"]
[WhiteElo "2215"]
[BlackElo "2392"]
[PlyCount "42"]
[EventDate "2006.08.13"]

1. c4 c6 2. d4 d5 3. cxd5 cxd5 4. Nf3 Nf6 5. Nc3 Nc6 6. Bf4 a6 7. Rc1 Ne4 8.
Ne5 Nxc3 9. Rxc3 Bd7 10. Nxc6 Bxc6 11. Qb3 e6 12. e3 Be7 13. Be2 O-O 14. O-O
Qd7 15. Rfc1 a5 16. a3 a4 17. Qc2 Bd8 18. Bd3 h6 19. Qe2 Ba5 20. Rc5 Bb6 21.
R5c3 Ba5 1/2-1/2

[Event "Acropolis 2006 Women Section"]
[Site "http://www.chessfed.gr/Acropo"]
[Date "2006.08.16"]
[Round "4.10"]
[White "Karlovich, Anastazia"]
[Black "Makka, Evanthia"]
[Result "1-0"]
[WhiteElo "2285"]
[BlackElo "2032"]
[PlyCount "109"]
[EventDate "2006.08.13"]

1. e4 e6 2. d4 d5 3. Nc3 h6 4. g3 Bb4 5. e5 c5 6. Bd2 cxd4 7. Nb5 Bf8 8. Nxd4
Ne7 9. f4 Nbc6 10. Ngf3 Nxd4 11. Nxd4 Nc6 12. Nb3 a5 13. a4 Qb6 14. Bb5 Bd7 15.
Qe2 Nb4 16. Bxd7+ Kxd7 17. Bc3 Be7 18. Bd4 Qc6 19. c3 Qc4 20. Qxc4 dxc4 21.
cxb4 cxb3 22. bxa5 Bb4+ 23. Ke2 Rhc8 24. Rhd1 Rc2+ 25. Kf3 Ke8 26. Rd3 Rxa5 27.
Rxb3 Rc4 28. Rd3 Rd5 29. Rad1 Rc2 30. h3 Ba5 31. b3 b5 32. axb5 Rxb5 33. g4 g6
34. Ke4 Re2+ 35. Kf3 Rc2 36. Ra1 Rd5 37. Rad1 Rb5 38. Ba1 Rh2 39. Kg3 Re2 40.
Bc3 Bb6 41. R1d2 Re1 42. b4 Rg1+ 43. Kf3 Rf1+ 44. Kg3 Rg1+ 45. Rg2 Rb1 46. Kf3
Rd5 47. Ke4 Rb5 48. Ra2 Kf8 49. Ra8+ Kg7 50. Rb8 Rb3 51. f5 h5 52. fxe6 fxe6
53. Rd7+ Kh6 54. Bd2+ Be3 55. Rxb5 1-0

[Event "Acropolis 2006 Women Section"]
[Site "http://www.chessfed.gr/Acropo"]
[Date "2006.08.16"]
[Round "4.11"]
[White "Stiri, Alexandra"]
[Black "Makka, Ioulia"]
[Result "1/2-1/2"]
[WhiteElo "2186"]
[BlackElo "2219"]
[PlyCount "88"]
[EventDate "2006.08.13"]

1. e4 e6 2. d4 d5 3. Nd2 b6 4. Bd3 Nf6 5. e5 Nfd7 6. Ne2 Ba6 7. Nf3 Bxd3 8.
Qxd3 Be7 9. O-O c5 10. c3 Nc6 11. Bf4 O-O 12. Qd2 b5 13. Bg5 cxd4 14. Bxe7 Qxe7
15. Nexd4 Nxd4 16. Nxd4 Qc5 17. f4 g6 18. Kh1 Qb6 19. Qe2 b4 20. Qg4 bxc3 21.
bxc3 f5 22. exf6 Rxf6 23. Rae1 Nc5 24. Nf3 Ne4 25. Qh4 Raf8 26. Ng5 Nxg5 27.
Qxg5 Qc7 28. g3 Qxc3 29. Qg4 Qc4 30. Rf2 d4 31. Rd2 Rd8 32. Qg5 Kg7 33. Qe5 Rd5
34. Qe4 Rd7 35. Red1 Qa4 36. Rxd4 Qxd1+ 37. Rxd1 Rxd1+ 38. Kg2 Rd2+ 39. Kf3
Rxa2 40. h4 Ra3+ 41. Kg2 Rb3 42. Qe5 h5 43. Qc7+ Rf7 44. Qe5+ Rf6 1/2-1/2

[Event "Acropolis 2006 Women Section"]
[Site "http://www.chessfed.gr/Acropo"]
[Date "2006.08.16"]
[Round "4.12"]
[White "Pambalou, Fotini"]
[Black "Vijayalakshmi, Subbaraman"]
[Result "1-0"]
[WhiteElo "2127"]
[BlackElo "2417"]
[PlyCount "119"]
[EventDate "2006.08.13"]

1. e4 e5 2. Nf3 Nc6 3. Bc4 Bc5 4. c3 Nf6 5. d3 d6 6. Bb3 Bb6 7. O-O Ne7 8. h3
c6 9. Nbd2 Bc7 10. Qe2 Ng6 11. Nc4 O-O 12. Bg5 h6 13. Be3 d5 14. Ncd2 Re8 15.
g4 Be6 16. Kh1 Qd7 17. Rad1 Nxg4 18. hxg4 Bxg4 19. Rg1 Rad8 20. Nf1 Nh4 21.
N1h2 Bh5 22. Rg3 Re6 23. Qf1 Nxf3 24. Nxf3 Rg6 25. Qg2 Qe7 26. Rg1 Kh7 27. Qh3
Bxf3+ 28. Rxf3 Rdd6 29. Rfg3 Bb6 30. Rxg6 fxg6 31. exd5 cxd5 32. Bxb6 axb6 33.
Qg3 e4 34. Re1 b5 35. dxe4 dxe4 36. Qf4 Rf6 37. Rxe4 Qd8 38. Qe3 Rf5 39. Rg4
Qd6 40. Kg1 Re5 41. Qd4 Re1+ 42. Kg2 Qc6+ 43. Bd5 Qc8 44. Bf7 Qc6+ 45. Qd5 g5
46. Qxc6 bxc6 47. a4 Re7 48. axb5 cxb5 49. Bd5 Re5 50. Bc6 Rc5 51. Bd7 Rd5 52.
Bc8 h5 53. Rb4 g4 54. Ba6 Kh6 55. Rxb5 Rd2 56. Bc8 Rc2 57. Be6 Re2 58. Bf7 g5
59. Rb6+ Kh7 60. Bxh5 1-0

[Event "Acropolis 2006 Women Section"]
[Site "http://www.chessfed.gr/Acropo"]
[Date "2006.08.16"]
[Round "4.13"]
[White "Sorokina, Anastasia"]
[Black "Foisor, Mihaela-Veronica"]
[Result "1-0"]
[WhiteElo "2221"]
[BlackElo "2005"]
[PlyCount "37"]
[EventDate "2006.08.13"]

1. e4 c5 2. Nf3 e6 3. d4 cxd4 4. Nxd4 Nf6 5. Nc3 d6 6. Bc4 a6 7. Bb3 Nbd7 8. f4
Nc5 9. O-O b5 10. e5 Nfd7 11. exd6 Nb6 12. f5 Nxb3 13. axb3 Qxd6 14. fxe6 fxe6
15. Bf4 Qd7 16. Nxe6 Qxd1 17. Nc7+ Kf7 18. Raxd1 Rb8 19. Bd6+ 1-0

[Event "Acropolis 2006 Women Section"]
[Site "http://www.chessfed.gr/Acropo"]
[Date "2006.08.16"]
[Round "4.14"]
[White "Papadopoulou, Vera"]
[Black "Iordanidou, Zoi"]
[Result "1-0"]
[WhiteElo "2217"]
[BlackElo "1968"]
[PlyCount "55"]
[EventDate "2006.08.13"]

1. d4 d5 2. Nf3 Nc6 3. Bf4 Bf5 4. e3 e6 5. Bb5 Bd6 6. Bg3 Nge7 7. O-O O-O 8.
Nbd2 a6 9. Ba4 h6 10. Re1 Bh7 11. c3 b5 12. Bc2 Bxc2 13. Qxc2 Nf5 14. e4 Nxg3
15. hxg3 dxe4 16. Nxe4 Ne7 17. Rad1 c6 18. b3 Rc8 19. g4 Ng6 20. g5 h5 21. Nc5
Bxc5 22. dxc5 Qe7 23. Rd6 Rfd8 24. Red1 Rxd6 25. cxd6 Qd7 26. Qe4 c5 27. a3 Rc6
28. Qxc6 1-0

[Event "Acropolis 2006 Women Section"]
[Site "http://www.chessfed.gr/Acropo"]
[Date "2006.08.16"]
[Round "4.15"]
[White "Stefanidi, Maria-Anna"]
[Black "Stavropoulou, Katerina"]
[Result "1-0"]
[WhiteElo "2176"]
[BlackElo "1996"]
[PlyCount "51"]
[EventDate "2006.08.13"]

1. e4 e5 2. Nf3 Nc6 3. Bc4 Nf6 4. d3 Bc5 5. c3 a6 6. Bb3 d6 7. Nbd2 Ne7 8. Nf1
Ng6 9. Ng3 O-O 10. Be3 Bxe3 11. fxe3 c5 12. Qe2 b5 13. Bc2 Be6 14. O-O Qb6 15.
h3 h6 16. Qf2 a5 17. d4 b4 18. Nf5 a4 19. N3h4 Nxh4 20. Nxg7 Bc4 21. Qxf6 Kh7
22. Nh5 Rg8 23. Qxh4 Bxf1 24. Rxf1 Rg6 25. Rxf7+ Kh8 26. Qe7 1-0

[Event "Acropolis 2006 Women Section"]
[Site "http://www.chessfed.gr/Acropo"]
[Date "2006.08.16"]
[Round "4.16"]
[White "Pagali, Marianna"]
[Black "Petraki, Maria"]
[Result "0-1"]
[WhiteElo "1924"]
[BlackElo "2094"]
[PlyCount "136"]
[EventDate "2006.08.13"]

1. d4 Nf6 2. c4 g6 3. Nc3 d5 4. e3 Bg7 5. Nf3 O-O 6. Be2 dxc4 7. Bxc4 c6 8. O-O
Nbd7 9. a3 Nb6 10. Bb3 Nbd5 11. Bc2 Nxc3 12. bxc3 c5 13. e4 cxd4 14. cxd4 Bg4
15. Bb2 Rc8 16. Bd3 Nh5 17. e5 Nf4 18. Be4 Qd7 19. Re1 Be6 20. g3 Nd5 21. Qd2
Nb6 22. Qb4 Nc4 23. Bc1 Bd5 24. Bxd5 Qxd5 25. Qb3 Rfd8 26. Rb1 b5 27. Bf4 e6
28. Kg2 a6 29. a4 Rb8 30. axb5 axb5 31. Ra1 Nb6 32. Qd3 Rdc8 33. Reb1 Nc4 34.
Qe2 Bf8 35. Ra7 Na3 36. Rb2 b4 37. Kh3 Rb7 38. Ra6 b3 39. Qd3 Rcb8 40. Nd2 Qb5
41. Qxb5 Rxb5 42. Rc6 Nc2 43. Rc3 Nxd4 44. Be3 Nf5 45. Rcxb3 Rxb3 46. Rxb3 Rxb3
47. Nxb3 Nxe3 48. fxe3 Bg7 49. Kg4 Bxe5 50. h3 Kg7 51. Nc5 Bd6 52. Nd3 f5+ 53.
Kf3 Kf6 54. Ne1 h5 55. Ng2 g5 56. Ne1 g4+ 57. hxg4 hxg4+ 58. Kf2 Ke5 59. Ng2
Ke4 60. Nh4 Kd3 61. Ng2 Kd2 62. Nf4 Bxf4 63. exf4 Kd3 64. Kf1 Ke3 65. Kg2 Ke2
66. Kg1 Kf3 67. Kh2 Kf2 68. Kh1 Kxg3 0-1

[Event "Acropolis 2006 Women Section"]
[Site "http://www.chessfed.gr/Acropo"]
[Date "2006.08.17"]
[Round "5.1"]
[White "Rogule, Laura"]
[Black "Melia, Salome"]
[Result "0-1"]
[WhiteElo "2342"]
[BlackElo "2381"]
[PlyCount "92"]
[EventDate "2006.08.13"]

1. c4 e6 2. Nc3 d5 3. cxd5 exd5 4. d4 Be7 5. Nf3 Nf6 6. Bg5 c6 7. Qc2 Nbd7 8.
e3 O-O 9. Bd3 Re8 10. h3 Nf8 11. Bf4 Bd6 12. Bxd6 Qxd6 13. O-O-O Be6 14. Kb1
Rac8 15. g4 c5 16. dxc5 Qxc5 17. Nd4 a6 18. f3 b5 19. Qh2 Qb6 20. h4 N6d7 21.
g5 Nc5 22. Bc2 b4 23. Na4 Nxa4 24. Bxa4 Bd7 25. Bb3 Rxe3 26. Bxd5 Re7 27. h5
Qc5 28. Nb3 Qe3 29. g6 Be6 30. h6 Bf5+ 31. Ka1 Bxg6 32. hxg7 Kxg7 33. Qd6 a5
34. Nxa5 Rd7 35. Qa6 Rxd5 36. Qxc8 Rxa5 37. Qc4 b3 38. a3 Rc5 39. Qd4+ Qxd4 40.
Rxd4 Bc2 41. a4 Ne6 42. Rb4 Rd5 43. Rb5 Rd4 44. Ra5 h5 45. f4 Rxf4 46. Rg1+ Kf6
0-1